000 00295nam a2200109 4500
999 _c9924
_d9924
008 180723b ||||| |||| 00| 0 eng d
245 _aFarming and tourism a profitable match.
260 _aPhilippines
_bManila Bulletin
_cc2016
300 _apage 8.
650 0 _929306
_aTourism.
942 _2ddc
_cPER